| Registos Bibliográficos associados ao registo de autoridade |
|
Etiqueta de registo: 00477cam 2200181 450 001 523226 003 http://id.bnportugal.gov.pt/bib/catbnp/523226 100 ## $a19950502d1896 m a0pory01030103ba 101 0# $apor 102 ## $aPT 105 ## $ay z 000iy 106 ## $ar 200 1# $a A lancha favorita$epeça lyrica em 3 actos$fmusica do maestro Filippe Duarte$gpoema de Arthur Marinho da Silva 210 #9 $aLisboa$cImprensa Nacional,$d1896 215 ## $a64 p.$d18 cm 300 ## $aPersonagens: Dragão do mar, Paulo, Luiz, Maria, Marietta, pescadores 317 ## $aConservatório Nacional$5PTBN: C.N. 796 P. 500 10 $a A lancha favorita.$nLibreto 601 0# $aClub de Lisboa$j[Libretos]$2SIPOR$31996983 606 ## $aÓperas$j[Libretos]$2SIPOR$31158641 675 ## $a78.089.1$vBN$zpor$3506605 675 ## $a82-293$vBN$zpor$3488282 700 #1 $aSilva,$bArtur Marinho da,$f186-?-1923$3174783 701 #1 $aDuarte,$bFilipe,$f1855-1928$4230$389359 712 01 $aPortugal.$bImprensa Nacional$4610$311868 712 01 $aPortugal.$bConservatório Nacional.$bEscola de Música$4390$31172174 801 #0 $aPT$bBN$gRPC 856 40 $2Cópia digital disponível na Biblioteca Digital da FLUL$uhttp://bibliotecadigital.fl.ul.pt/ULFLOM02786/ULFLOM02786_item1/ 966 ## $lBN$mFGMON$nCota antiga L. 25655//18 P.$sL. 36355//5 P. $x3 966 ## $lBN$mMUSICA$sC.N. 796 P. $x7 976 ## $d20260427$rjamaral 997 ## $aBIBEOD
|
|
|